Normal view
MARC view
- Dr. Mohammad Bilal Khan.
Entry Personal Name
001 - CONTROL NUMBER
- control field: 19376
003 - CONTROL NUMBER IDENTIFIER
- control field: NUST
005 - DATE AND TIME OF LATEST TRANSACTION
- control field: 20190820054257.0
008 - FIXED-LENGTH DATA ELEMENTS
- fixed length control field: 190820|| aca||aabn | a|a d
040 ## - CATALOGING SOURCE
- Original cataloging agency: NUST
- Transcribing agency: NUST
100 ## - HEADING--PERSONAL NAME
- Personal name: Dr. Mohammad Bilal Khan.
670 ## - SOURCE DATA FOUND
- Source citation: Work cat.: (NUST): Iqbal, Nadeem 19375, Ablatives Based on Multiple Reinforced Elastomeric Composites for Aerospace Applications /, 2013.
